Cyclisme : Top 20 du Tour du Pays Basque 2024 - Statistiques

Statistiques générales
  • Ce quiz a été pris 20 fois
  • Le résultat moyen est 8 sur 20
Statistiques - réponses
Position Equipe Coureur % Correct
2eme Ineos Grenadier Carlos Rodriguez
89%
1er UAE Team Emirates Juan Ayuso
89%
8eme Arkea B&B Hotels Kevin Vauquelin
74%
3eme Lidl Trek Mattias Skjelmose
74%
5eme UAE Team Emirates Brandon McNulty
63%
4eme UAE Team Emirates Marc Soler
63%
7eme UAE Team Emirates Isaac Del Toro
58%
12eme BORA Hansgrohe Jai Hindley
47%
6eme Bahrain Victorious Pello Bilbao
47%
11eme Bahrain Victorious Santiago Buitrago
42%
19eme Dsm Firmeninch PostNL Oscar Onley
26%
17eme TotalEnergies Jordan Jegat
21%
10eme Decathlon Ag2r La Mondiale Alex Baudin
16%
20eme Decathlon Ag2r La Mondiale Bruno Armirail
16%
9eme Cofidis Ion Izagiire
16%
15eme Movistar Team Alex Aranburu
11%
16eme EF Education Easypost Jhoan Chaves
11%
13eme BORA Hansgrohe Maximilian Schachmann
11%
14eme Burgos BH Victor Langelloti
5%
18eme Ineos Grenadier Ethan Hayter
0%
Aucun quiz correspondant
Distribution des résultats
% des personnes avec chaque résultat
Percentile par nombre de réponses
Votre historique - résultats
Vous n’avez pas pris ce quiz